Pays ayant remporté l'Eurovision - Mort Subite - Statistiques

Statistiques générales
  • Ce quiz a été pris 175 fois
    21 depuis la dernière actualisation
  • Le résultat moyen est 10 sur 12
Answers on the Grid
Answers color-coded by a green-red scale on the quiz's grid according to % correct below.
Irlande
Luxembourg
Pays-Bas
Israël
Ukraine
Autriche
Monaco
Yougoslavie
Estonie
Lettonie
Portugal
Azerbaïdjan
Pologne
Malte
Chypre
Andorre
Liechtenstein
Islande
URSS
Allemagne de l'Est
Tchéquie
Moldavie
Bulgarie
Roumanie
 
Statistiques - réponses
Réponse % Correct
Luxembourg
94%
Pays-Bas
94%
Portugal
94%
Autriche
88%
Israël
88%
Ukraine
88%
Azerbaïdjan
81%
Irlande
81%
Lettonie
81%
Monaco
81%
Yougoslavie
81%
Estonie
69%
Aucun quiz correspondant
Distribution des résultats
% des personnes avec chaque résultat
Percentile par nombre de réponses
Votre historique - résultats
Vous n’avez pas pris ce quiz depuis la dernière actualisation